Mezigenerační spolupráce obohacuje všechny
Spolok Moudrá sovička ponúka seniorom širokú škálu programov, ktoré sú šité na mieru ich potrebám. Zameriava sa na vzdelávanie v oblasti práce s chytrým telefónom, tabletom, počítačom a notebookom, tlačítkovým telefónom, chytrou televíziou. Pomoc môže byť prezenčná alebo dištančná, buď v knižnici, k...
Guardado en:
| Autor principal: | |
|---|---|
| Formato: | Capítulo de libro |
| Lenguaje: | checo |
| Materias: | |
| Etiquetas: |
Sin Etiquetas, Sea el primero en etiquetar este registro!
|
MARC
| LEADER | 00000naa a2200000 4500 | ||
|---|---|---|---|
| 001 | 0278670 | ||
| 005 | 20210922190123.3 | ||
| 041 | 0 | |a cze | |
| 044 | |a CZ | ||
| 245 | 1 | 0 | |a Mezigenerační spolupráce obohacuje všechny |c Alena Kazdová |
| 520 | |a Spolok Moudrá sovička ponúka seniorom širokú škálu programov, ktoré sú šité na mieru ich potrebám. Zameriava sa na vzdelávanie v oblasti práce s chytrým telefónom, tabletom, počítačom a notebookom, tlačítkovým telefónom, chytrou televíziou. Pomoc môže byť prezenčná alebo dištančná, buď v knižnici, klube alebo u seniora doma. | ||
| 610 | 2 | 0 | |a seniori |
| 610 | 2 | 0 | |a mládež |
| 610 | 2 | 0 | |a spolupráca intelektuálna |
| 610 | 2 | 0 | |a vzdelávanie |
| 610 | 2 | 0 | |a gramotnosť informačná |
| 100 | 1 | |a Kazdová, Alena | |